Logo d'entreprises françaises ayant été condamnées par la Justice - Statistiques

Statistiques générales
  • Ce quiz a été pris 32 fois
  • Le résultat moyen est 7 sur 15
Statistiques - réponses
Par images Hint Réponse % Correct
Entente sur les prix - 2018 Crédit Agricole
100%
Corruption d'agents publics étrangers - 2018 TotalEnergies
93%
Pratiques commerciales trompeuses - 2026 Caisse d'Épargne
90%
Abus de position dominante - 2009 Orange
86%
Corruption, manipulation des taux - 2018 Société Générale
86%
Cartel des opérateurs - 2005 SFR
62%
Entente sur les prix - 2000 Crédit Lyonnais
48%
Financement du terrorisme - 2026 Lafarge
48%
Faute inexcusable - 2012 Vinci/Eurovia
41%
Cartel de la sidérurgie - 2008 ArcelorMittal
28%
Cartel des lessives - 2011 Procter & Gamble
17%
Entente sur les prix - 2008 Saint-Gobain
14%
Corruption - 2010 Alcatel Lucent
10%
Fraude fiscale - 2019 Kering
10%
Corruption - 2014 Alstom
7%
Aucun quiz correspondant
Distribution des résultats
% des personnes avec chaque résultat
Percentile par nombre de réponses
Votre historique - résultats
Vous n’avez pas pris ce quiz